000 00783nam a2200301Ia 4500
003 OSt
005 20220912151546.0
006 a|||||r|||| 00| 0
007 ta
008 220909b |||||||| |||| 00| 0 eng d
020 _a 0817628517 (Boston)
020 _a3764328517 (Basel)
024 _a2672
037 _bHindustan,
037 _cTextual
040 _aCSL
_beng
_cCSL
041 _aeng
082 _aC9B36, N3
100 _aSchaller L A Ed
245 0 _aMuonic atoms and molecules
260 _aBasel
_bBirkhauser Verlag
_c1993
300 _a370p
650 _a Muon
650 _aParticle Physics
700 _a Petitjean C Ed
942 _hC9B36, N3
_cTEXL
_2CC
999 _c71298
_d71298